000
00281nam a22001097a 4500
082
_a
320
100
_a
Reddy Maddi Srinivas
_9
80576
245
_a
Gender Justice :Political Representation of Women D
260
_a
Delhi
_b
Avni Pub
_c
2018
650
_a
Political
_9
80577
942
_c
BK
999
_c
63899
_d
63899